[Event "Kragero Grand Prix A"]
[Site "Kragero"]
[Date "2016.09.??"]
[Round "3"]
[White "Imhof, David"]
[Black "Sebastian, Andreas"]
[Result "0-1"]
[WhiteElo "1640"]
[BlackElo "1562"]
[PlyCount "64"]
[EventDate "2016.09.02"]
[EventType "swiss"]
[EventRounds "5"]
[EventCountry "NOR"]
[SourceTitle "EXT 2024"]
[Source "ChessBase"]
[SourceDate "2023.10.10"]
[SourceVersion "1"]
[SourceVersionDate "2023.10.10"]
[SourceQuality "1"]

1. e4 c5 2. f4 g6 3. Nf3 Bg7 4. c3 d5 5. exd5 Qxd5 6. Be2 Nf6 7. 0-0 0-0 8. Na3 Nc6 9. Nc4 Bf5 10. Nce5 Nxe5 11. Nxe5 Nd7 12. Bf3 Qe6 13. Bxb7 Rab8 14. Nxd7 Qxd7 15. Bf3 Bd3 16. Be2 c4 17. Bxd3 Qxd3 18. Qa4 Rb7 19. b3 Bd4+ 20. cxd4 Qxd4+ 21. Kh1 Qxa1 22. Qxc4 Qxa2 23. f5 Qxb3 24. Qg4 Qd3 25. Kg1 Rb1 26. h4 Rd8 27. Qg5 Qd4+ 28. Kh1 Qf6 29. Qg3 Rd4 30. Kg1 Rxh4 31. d4 Qxd4+ 32. Qf2 Rxc1 0-1